00353nam a2200133 i 4500001000300000100001400003245007000017260004100087300002200128040000800150041000800158080001200166008004100178bg1 aFORIN, D. 0aKaskadnye kody /cD. Forin ; Per. s angl. V. V. Zjabliwa [i in.]. aMoskva :bIzdatel'stvo "Mir",c1970. as. 207 :bilustr. cBPK apol a621.391 s pl f |000 0 pol